En busca del sentido: los principios de Viktor Frankl aplicados al mundo del trabajo
Salvato in:
| Autore principale: | |
|---|---|
| Natura: | Libro |
| Lingua: | spagnolo |
| Pubblicazione: |
Barcelona
Paidós
2005
|
| Edizione: | 1a. ed |
| Serie: | Paidós Plural, 46
|
| Soggetti: | |
| Tags: |
Aggiungi Tag
Nessun Tag, puoi essere il primo ad aggiungerne!!
|
MARC
| LEADER | 00000cam a2200000 a 4500 | ||
|---|---|---|---|
| 001 | UCD6900 | ||
| 003 | CL-VaPUC | ||
| 005 | 20230322110048.0 | ||
| 008 | 170303e20050000sp |||||||||||||||||spa|d | ||
| 999 | |c 367077 |d 367075 | ||
| 020 | |a 8449317894 | ||
| 040 | |c Pontificia Universidad Católica de Valparaíso | ||
| 082 | 0 | 4 | |a 616.8914 |b PAT |2 21 |
| 100 | |a Pattakos, Alex |e autor |9 590774 | ||
| 245 | 1 | 0 | |a En busca del sentido: los principios de Viktor Frankl aplicados al mundo del trabajo |
| 250 | |a 1a. ed | ||
| 260 | |a Barcelona |b Paidós |c 2005 | ||
| 300 | |a 215 p | ||
| 490 | 0 | |a Paidós Plural, 46 | |
| 583 | |a last modification |c 20170303 17:35:00 |k Rodrigo Vera | ||
| 600 | |a Frankl, Viktor Emil |d 1905-1997 |9 880882 | ||
| 650 | 7 | |a PSICOTERAPIA |2 CL-VaPUC |9 590775 | |
| 650 | 0 | |a Conducta humana |9 269906 | |
| 942 | |c BK |2 ddc | ||
| 945 | |d 20170303 17:35:00 |a dcastane | ||
| 952 | |0 0 |1 0 |3 erb |4 0 |6 616_891400000000000_PAT_2005 |7 0 |8 A |9 481760 |a BIBENE |b BIBENE |i 5329434 |o 616.8914 PAT 2005 |p 5329434 |r 2025-01-15 |w 2019-11-24 |y BK |z Catalogado en:20170303 |k ICO | ||